Statistiques concernant Quiz sur la Slovénie

Cliquez ici pour prendre le quiz!

Statistiques générales

  • Ce quiz a été pris 4 998 fois
  • Le résultat moyen est 12 sur 20

Statistiques - réponses

QuestionRéponse% Correct
Pays frontaliersCroatie
96%
Pays frontaliersAutriche
95%
Pays frontaliersItalie
94%
Capitale et plus grande villeLjubljana
94%
Devise monétaire, depuis 2006Euro
91%
Pays auquel la Slovénie appartenait jusqu'en 1991Yougoslavie
90%
Pays frontaliersHongrie
87%
Partie de la mer Méditerranée qui borde la SlovénieMer Adriatique
74%
Groupe ethnique qui inclut les Slovènes, les Russes et les PolonaisSlaves
70%
Mannequin slovène qui a été première dame des États-Unis{Melania} Trump
60%
Massif dans lequel cette montagne se situe{Alpes} juliennes
55%
Entre 1880 et 1910 environ 1/6 des Slovènes ont émigré, surtout vers ce paysEtats-Unis
48%
Type d'édifice que l'on peut trouver en plein milieu du Lac de BledÉglise
45%
Cycliste slovène qui a remporté le Tour de France en 2020Tadej Pogačar
45%
Compatriote de celui-ci qui a remporté la Vuelta en 2019 et 2020Primož Roglič
33%
Deuxième ville la plus peuplée, notamment connue pour son club de footballMaribor
31%
Point culminant, qui figure sur le drapeau nationalT{riglav}
15%
Trois principaux fleuves du pays (nommez-en un)Save | Drava | Mur
14%
Baie qui fait l'objet d'une dispute territoriale entre la Slovénie et son voisin #2Golfe de {Piran}
9%
Devise monétaire qui était utilisée avant celle-ciTolar
8%

Distribution des résultats

Percentile par nombre de réponses

% des personnes avec chaque résultat

Votre développement - résultats

Vous n’avez pas pris ce quiz